000 00732nas a2200241 4500
001 BR2016003861
003 BR-BrBNA
005 20231205130610.0
007 ta
008 230509b bl.|||p| |||| 00| 00por d
040 _aBR-BrBNA
_bpor
_cBiblioteca Nacional de Agricultura
041 _a(Pt)
072 _aH10; L60
100 1 _aAraujo, P.B.
100 1 _aAlmerão, M.P.
245 1 _aNova espécie de Trichorhina (Isopoda, Oniscidea, Plathyarthridae)do Brasil
650 _aINSETO
650 _aESPÉCIE
650 _aTAXONOMIA ANIMAL
773 0 _tIheringia. Série Zoologia (Brazil)
_xISSN 0073-4721
_g(Jun 2007), v.97(2) p. 219-222
_wBR2016003861
909 _a202311
_bLúcia
_c55
_dLúcia Elande
942 _2AGRIS
_n0
_cANA
999 _c250276
_d250276